| 000 | 00612nam a2200205 4500 | ||
|---|---|---|---|
| 001 | 112420 | ||
| 003 | ES-MaACL | ||
| 005 | 20240524062957.0 | ||
| 007 | t| | ||
| 008 | 061121s1979 sp r ||||1| spa d | ||
| 100 | 0 |
_aMuñoz Hidalgo, Manuel, _d1939- _984434 |
|
| 245 | 1 | 3 |
_aEl pan de la memoria / _cManuel Muñoz Hidalgo. |
| 260 |
_aBarcelona : _bVosgos, _c1979. |
||
| 300 |
_a100 p. ; _c18 cm. |
||
| 490 | 1 |
_aNudo al alba ; _vvol. 64 |
|
| 830 | 0 |
_aNudo al alba ; _vvol. 64 _9184345 |
|
| 852 |
_aES-MaACL _jC-16336 _bR.100704 |
||
| 852 |
_aES-MaACL _jL-12657 _bR.113910 |
||
| 999 |
_c112420 _d112420 |
||